MARC details
| 000 -LEADER |
| fixed length control field |
01148nam a22002657a 4500 |
| 003 - CONTROL NUMBER IDENTIFIER |
| control field |
OSt |
| 005 - DATE AND TIME OF LATEST TRANSACTION |
| control field |
20260415182634.0 |
| 008 - FIXED-LENGTH DATA ELEMENTS--GENERAL INFORMATION |
| fixed length control field |
230704b ||||| |||| 00| 0 eng d |
| 040 ## - CATALOGING SOURCE |
| Transcribing agency |
0 |
| 082 ## - DEWEY DECIMAL CLASSIFICATION NUMBER |
| Classification number |
DPer 370.15 J826 April-May 2020 v. 112 n. 3-4 |
| 100 ## - MAIN ENTRY--PERSONAL NAME |
| Personal name |
Scammacca, Nancy. |
| Relator term |
author. |
| 9 (RLIN) |
48528 |
| 245 ## - TITLE STATEMENT |
| Title |
Examining factors affecting reading and math growth and achievement gaps in grades 1-5 : |
| Remainder of title |
a cohort-sequential longitudinal approach / |
| Statement of responsibility, etc. |
Nancy Scammacca, Anna-Maria Fall, Philip Capin, Greg Roberts, and Elizabeth Swanson. |
| 260 ## - PUBLICATION, DISTRIBUTION, ETC. (IMPRINT) |
| Place of publication, distribution, etc. |
Washington ; |
| Name of publisher, distributor, etc. |
American Psychological Association , |
| Date of publication, distribution, etc. |
May 2020. |
| 300 ## - PHYSICAL DESCRIPTION |
| Extent |
Volume 112, pages 718-734 : |
| Other physical details |
illustration ; |
| Dimensions |
28 cm. |
| 500 ## - GENERAL NOTE |
| General note |
Journal of Educational Psychology, vol. 112, no. 4, pages 718-734, May 2020. |
| 650 ## - SUBJECT ADDED ENTRY--TOPICAL TERM |
| Topical term or geographic name as entry element |
Reading. |
| 9 (RLIN) |
48529 |
| 650 ## - SUBJECT ADDED ENTRY--TOPICAL TERM |
| Topical term or geographic name as entry element |
Mathematics. |
| 9 (RLIN) |
48530 |
| 650 ## - SUBJECT ADDED ENTRY--TOPICAL TERM |
| Topical term or geographic name as entry element |
Academic achievement. |
| 9 (RLIN) |
48531 |
| 700 ## - ADDED ENTRY--PERSONAL NAME |
| Personal name |
Scammacca, Nancy. |
| Relator term |
author. |
| 9 (RLIN) |
48528 |
| 700 ## - ADDED ENTRY--PERSONAL NAME |
| Personal name |
Fall, Anna-Mária. |
| Relator term |
author. |
| 9 (RLIN) |
48491 |
| 700 ## - ADDED ENTRY--PERSONAL NAME |
| Personal name |
Capin, Philip. |
| Relator term |
author. |
| 9 (RLIN) |
48533 |
| 700 ## - ADDED ENTRY--PERSONAL NAME |
| Personal name |
Roberts, Greg. |
| Relator term |
author. |
| 9 (RLIN) |
48534 |
| 700 ## - ADDED ENTRY--PERSONAL NAME |
| Personal name |
Swanson, Elizabeth. |
| Relator term |
author. |
| 9 (RLIN) |
48535 |
| 942 ## - ADDED ENTRY ELEMENTS (KOHA) |
| Source of classification or shelving scheme |
Dewey Decimal Classification |
| Koha item type |
Periodicals |